| 000 | 00841cam a2200265 a 4500 | ||
|---|---|---|---|
| 001 | 4924605 | ||
| 005 | 20240216012355.0 | ||
| 008 | 950403s1995 enk b 001 0 eng | ||
| 020 | _a0415124751 | ||
| 040 |
_aDLC _cDLC _dDLC |
||
| 082 | 0 | 0 |
_a320.01. _220 _bENL. |
| 100 | 1 | _aGray, John, | |
| 245 | 1 | 0 |
_aEnlightenment's wake : _bpolitics and culture at the close of the modern age / _cJohn Gray. |
| 260 |
_aLondon ; _aNew York : _bRoutledge, _c1995. |
||
| 300 | _ax, 203 p. ; | ||
| 650 | 0 | _aLiberalism. | |
| 650 | 0 | _aCultural pluralism. | |
| 650 | 0 | _aToleration. | |
| 650 | 0 | _aConservatism. | |
| 650 | 0 | _aPost-communism. | |
| 650 | 0 | _aRight and left (Political science) | |
| 856 | 4 | 2 | _uhttp://www.loc.gov/catdir/enhancements/fy0649/95015782-d.html |
| 856 | 4 | 2 | _uhttp://www.loc.gov/catdir/enhancements/fy1102/95015782-b.html |
| 942 | _cL | ||
| 999 |
_c406 _d406 |
||